IFM Opac

Introduction to Computational Materials Science: (Record no. 22193)

MARC details
000 -LEADER
fixed length control field 00360nam a22001217a 4500
020 ## - INTERNATIONAL STANDARD BOOK NUMBER
ISBN 978-0-521-84587-8
082 ## - DEWEY DECIMAL CLASSIFICATION NUMBER
Classification number 620.11085
100 ## - MAIN ENTRY--AUTHOR NAME
Personal name Lesar, Richard
245 ## - TITLE STATEMENT
Title Introduction to Computational Materials Science:
Sub Title Fundamentals to Applications
260 ## - PUBLICATION, DISTRIBUTION, ETC. (IMPRINT)
Place of publication Cambridge:
Name of publisher Cambridge University Press,
Year of publication 2013
300 ## - PHYSICAL DESCRIPTION
Number of Pages xi, 414p.: ill.; 25cm
942 ## - ADDED ENTRY ELEMENTS (KOHA)
Koha item type Books
Holdings
Withdrawn status Lost status Damaged status Not for loan Collection code Permanent Location Current Location Shelving location Date acquired Source of acquisition Full call number Accession Number Price effective from Koha item type
        Non-fiction IFM Main Campus Library IFM Main Campus Library Work Room processing 01/21/2026 Purchased 620.11085 LES 0000023544 01/21/2026 Books
        Non-fiction IFM Main Campus Library IFM Main Campus Library Work Room processing 01/21/2026 Purchased 620.11085 LES 0000023543 01/21/2026 Books